La ciudad paseable

Bewaard in:
Bibliografische gegevens
Hoofdauteurs: Pozueta Echavarri, Julio (Auteur), Lamíquiz Daudén, Francisco (Auteur), Porto Schettino, Mateus (Auteur)
Formaat: Boek
Taal:Spaans
Gepubliceerd in: Madrid Ministerio de Fomento 2009
Onderwerpen:
Tags: Voeg label toe
Geen labels, Wees de eerste die dit record labelt!

MARC

LEADER 00000cam a2200000 a 4500
001 UCG9834
003 CL-VaPUC
008 120405e20090000SP |||||||||||||||||spa|d
020 |a 9788477905097 
082 0 4 |a 711  |b POZ  |2 21 
100 0 |a Pozueta Echavarri, Julio  |e author  |9 561542 
700 0 |a Lamíquiz Daudén, Francisco  |e author  |9 561543 
700 0 |a Porto Schettino, Mateus  |e author  |9 561544 
245 1 3 |a La ciudad paseable 
300 |a 430 p 
942 |c BK 
945 |d 20120405 00:00:00  |a dcastane 
260 |a Madrid  |b Ministerio de Fomento  |c 2009 
650 0 |a Espacios urbanos  |9 262902 
650 0 |a Diseño urbano  |9 337440 
650 0 |a Planificación urbana   |9 258176 
650 0 |a Urbanismo  |9 255208 
650 7 |a PEATONES  |2 CL-VaPUC  |9 260354 
583 |a last modification  |c 20120405 11:40:00  |k Rodrigo Vera 
999 |c 347371  |d 347369 
952 |0 0  |1 0  |4 0  |6 711_000000000000000_POZ_2009  |7 0  |8 A  |9 448653  |a BIBARQ  |b BIBARQ  |d 2019-11-22  |i 485506K  |o 711 POZ 2009  |p 485506K  |r 2025-01-20  |w 2019-11-22  |y BK  |k ARQ